Loading...

Human Molecular Genetics

Human Molecular Genetics has been carefully crafted over successive editions to provide an authoritative introduction to the molecular aspects of human genetics, genomics and cell biology. Maintaining the features that have made previous editions so popular, this fifth edition has been completely u...

Full description

Bibliographic Details
Main Author: Tom Strachan
Other Authors: Andrew Read
Format: Printed Book
Published: CRC Press 2019
Edition:5th edition
Subjects:
LEADER 01375nam a22001817a 4500
999 |c 30140  |d 30140 
020 |a 9780815345893 
082 |a 611.01816 STR-H 
100 |a  Tom Strachan  
245 |a Human Molecular Genetics 
250 |a 5th edition 
260 |b CRC Press  |c 2019 
300 |a xiii,770p. 
520 |a Human Molecular Genetics has been carefully crafted over successive editions to provide an authoritative introduction to the molecular aspects of human genetics, genomics and cell biology. Maintaining the features that have made previous editions so popular, this fifth edition has been completely updated in line with the latest developments in the field. Older technologies such as cloning and hybridization have been merged and summarized, coverage of newer DNA sequencing technologies has been expanded, and powerful new gene editing and single-cell genomics technologies have been added. The coverage of GWAS, functional genomics, stem cells, and disease modeling has been expanded. Greater focus is given to inheritance and variation in the context of populations and on the role of epigenetics in gene regulation.  
650 |a  Human molecular genetics. Molecular Biology.  
700 |a Andrew Read 
942 |c BK 
952 |0 0  |1 0  |4 0  |6 611_018160000000000_STRH  |7 0  |9 32900  |a DCB  |b DCB  |d 2019-02-15  |l 0  |o 611.01816 STR-H  |p DCB3519  |r 2019-02-15  |w 2019-02-15  |y BK